| 000 | | | 05527cbm0a2200337#x 450 |
| 001 | | | bdbfbc7e-e7af-478a-9c04-9759fec62251 |
| 005 | | | 20250410134655.0 |
| 100 | ## | $a | 20250410d194503##k###0rusy50 ca |
| 101 | 0# | $a | rus |
| 102 | ## | $a | DE |
| 122 | 2# | $a | d19450316## |
| | $a | d19450327## |
| 200 | 1# | $a | Протоколы политических допросов военнопленных немцев, взятых в плен в Восточной Пруссии |
| | $j | 16-27 марта 1945 г. |
| 251 | ## | $c | Документ |
| 300 | ## | $a | Подлинники |
| 461 | #0 | $1 | 2001 |
| | $a | Ф. 32 |
| | $1 | 251 |
| | $c | Фонд |
| | $1 | 852 |
| | $j | 32 |
| 462 | #0 | $1 | 2001 |
| | $a | Оп. 11306 |
| | $1 | 251 |
| | $c | Опись |
| | $1 | 852 |
| | $j | 11306 |
| 462 | #0 | $1 | 2001 |
| | $a | Д. 600 |
| | $v | Л. 288-297 |
| | $1 | 251 |
| | $c | Дело |
| | $1 | 852 |
| | $j | 600 |
| 605 | ## | $2 | prlib_sh |
| | $3 | LIBNET\UAF\0000088514 |
| | $a | Вторая мировая война в архивных документах (Комплекс оцифрованных архивных документов, кино- и фотоматериалов) |
| | $l | коллекция |
| 605 | ## | $2 | acquisition_Prlib |
| | $3 | DITM\AF\0000002775 |
| | $a | Власть |
| | $l | коллекция |
| 605 | ## | $2 | acquisition_Prlib |
| | $3 | DITM\AF\0000003834 |
| | $a | Народ |
| | $l | коллекция |
| 606 | 1# | $2 | nlr_sh |
| | $3 | RU\NLR\AUTH\66181432 |
| | $a | Кенигсбергская операция |
| | $z | 1945 |
| | $j | Документы и материалы |
| 606 | 1# | $2 | nlr_sh |
| | $3 | RU\NLR\AUTH\661520861 |
| | $a | Великая Отечественная война |
| | $z | 1941 - 1945 |
| | $z | Третий период |
| | $z | 1944 – 1945 |
| | $j | Документы и материалы |
| 606 | 1# | $2 | nlr_sh |
| | $3 | RU\NLR\AUTH\66181439 |
| | $a | Восточно-Прусская операция |
| | $z | 1945 |
| | $j | Документы и материалы |
| 606 | 1# | $2 | prlib_sh |
| | $3 | LIBNET\UAF\0000116638 |
| | $a | Военнопленные немецкие |
| | $y | Восточная Пруссия |
| | $z | 1940-ые гг. |
| | $j | Документы и материалы |
| 686 | ## | $a | 63.3(2)622,13ю1 |
| | $2 | rubbk |
| | $v | LBC/M |
| 686 | ## | $a | 63.3(0)62,1ю1 |
| | $2 | rubbk |
| | $v | LBC/M |
| 801 | #0 | $a | RU |
| | $b | ПБ им. Б.Н. Ельцина |
| | $c | 20250410 |
| 801 | #1 | $a | RU |
| | $b | ПБ им. Б.Н. Ельцина |
| | $c | 20250410 |
| | $2 | rusmarc |
| 801 | #2 | $a | RU |
| | $b | ПБ им. Б.Н. Ельцина |
| | $c | 20250410 |
| | $2 | rusmarc |
| 850 | ## | $a | Центральный архив Министерства обороны Российской Федерации |
| 852 | ## | $a | ЦА МО РФ |
| | $j | Л. 288-297 |
| 035 | ## | $a | LIBNET\0001467253 |
| 937 | ## | $d | 196598854 |
| | $h | Федеральное архивное агентство |
| 856 | 4# | $u | http://readingroom.main.prlib.ru/item.aspx?id_node=n196598854&mode=full |